Catcheurs/catcheuses par leurs vrais noms - Statistiques

Statistiques générales
  • Ce quiz a été pris 47 fois
  • Le résultat moyen est 3 sur 10
Statistiques - réponses
Vrai nom Réponse % Correct
Phillip Brooks CM Punk
82%
Fergal Devitt Finn Balor
58%
Mercedes Kaestner-Varnado Mercedes Moné
53%
Thea Trinidad Budgen Zelina Vega
34%
Stephen Farrelly Sheamus
32%
Pamela Martinez Bayley
26%
Trevor Mann Ricochet
18%
Samuel Ratsch Darby Allin
5%
Adrienne Reese Athena
3%
Luis Urive Alvirde Mistico
3%
Aucun quiz correspondant
Distribution des résultats
% des personnes avec chaque résultat
Percentile par nombre de réponses
Votre historique - résultats
Vous n’avez pas pris ce quiz